| Tag |
First Indicator |
Second Indicator |
Subfields |
| LEADER |
00000cam a2200000Mi 4500 |
| 001 |
in00004029413 |
| 006 |
m o d |
| 007 |
cr |n||||||||n |
| 008 |
150910s2009 gw a fod z000 0 ger d |
| 005 |
20260612160841.1 |
| 020 |
|
|
|a 9783839412411
|q (electronic bk.)
|
| 020 |
|
|
|a 3839412412
|q (electronic bk.)
|
| 024 |
7 |
|
|a 10.14361/9783839412411
|2 doi
|
| 035 |
|
|
|a (OCoLC)1013951245
|
| 037 |
|
|
|a 22573/ctv1dqh0j
|b JSTOR
|
| 040 |
|
|
|a DEGRU
|b eng
|c DEGRU
|d OAPEN
|d OCLCQ
|d OCLCO
|d DEGRU
|d JSTOR
|d UtOrBLW
|
| 049 |
|
|
|a TXAM
|
| 050 |
|
4 |
|a DS145
|
| 072 |
|
7 |
|a POL
|x 003000
|2 bisacsh
|
| 072 |
|
7 |
|a POL003000
|2 bisacsh
|
| 072 |
|
7 |
|a SOC
|x 049000
|2 bisacsh
|
| 082 |
0 |
4 |
|8 1 x
|a 305.8924043
|
| 082 |
0 |
4 |
|a 300
|2 23
|
| 100 |
1 |
|
|a Knothe, Holger,
|e author.
|0 http://id.loc.gov/authorities/names/n2010021933
|
| 245 |
1 |
5 |
|a Eine andere Welt ist möglich - ohne Antisemitismus? :
|b Antisemitismus und Globalisierungskritik bei Attac /
|c Holger Knothe.
|
| 264 |
|
1 |
|a Bielefeld :
|b Transcript Verlag,
|c [2009]
|
| 264 |
|
4 |
|c ©2009
|
| 300 |
|
|
|a 1 online resource (214 pages) :
|b illustrations.
|
| 336 |
|
|
|a text
|b txt
|2 rdacontent
|
| 337 |
|
|
|a computer
|b c
|2 rdamedia
|
| 338 |
|
|
|a online resource
|b cr
|2 rdacarrier
|
| 347 |
|
|
|a text file
|b PDF
|2 rda
|
| 490 |
1 |
|
|a Reflexive Sozialpsychologie ;
|v 5
|
| 505 |
0 |
0 |
|t Frontmatter --
|t Inhalt --
|t Vorwort --
|t Einführung --
|t Zum Problem: Was ist Antisemitismus? --
|t Das Feld: Antisemitismus in der globalisierungskritischen Bewegung --
|t Antisemitismus: (K)ein Problem bei Attac? --
|t Resümee und Ausblick --
|t Literatur --
|t Backmatter.
|
| 520 |
|
|
|a Die Begriffe "links" und "nicht-antisemitisch" sind längst nicht mehr gleichzusetzen. Dies zeigt sich auch in Argumentationen von Teilen des globalisierungskritischen Akteurs Attac. Aber worin bestehen eigentlich die Verknüpfungen zwischen globalisierungskritischer Rhetorik und antisemitischen Narrativen? Und wie verhält sich Attac selbst zu dem Argument antisemitischer Affinitäten? Holger Knothe geht diesen Fragen nach und analysiert die Positionierungen von Attac zwischen universalistischem Anspruch einerseits sowie Erinnerungsabwehr und stereotypen Wahrnehmungen des Nahostkonfliktes andererseits.
|
| 545 |
|
|
|a Holger Knothe (Dr. phil.) ist wissenschaftlicher Mitarbeiter am Institut für Praxisforschung und Projektberatung (IPP) München und im Sonderforschungsbereich 536 "Reflexive Modernisierung" der LMU München.
|
| 546 |
|
|
|a In German.
|
| 588 |
0 |
|
|a Online resource; title from PDF title page (publisher's Web site, viewed October 7 2015).
|
| 500 |
|
|
|a Electronic resource.
|
| 650 |
|
0 |
|a Social sciences
|x Social Sciences, other.
|
| 650 |
|
7 |
|a Demonstrations and protest movements.
|2 bicssc
|
| 650 |
|
7 |
|a Political activism.
|2 bicssc
|
| 650 |
|
7 |
|a Politics and government.
|2 bicssc
|
| 650 |
|
7 |
|a Society and social sciences Society and social sciences.
|2 bicssc
|
| 650 |
|
4 |
|a Social Sciences, other.
|
| 650 |
|
4 |
|a Social Sciences.
|
| 650 |
|
4 |
|a Sociology.
|
| 650 |
|
4 |
|a Sozialwissenschaften, Soziologie, Anthropologie.
|
| 650 |
|
7 |
|a POLITICAL SCIENCE / Civics & Citizenship.
|2 bisacsh
|
| 655 |
|
7 |
|a Electronic books.
|2 local
|
| 710 |
2 |
|
|a JSTOR (Organization)
|0 http://id.loc.gov/authorities/names/no97001983
|
| 830 |
|
0 |
|a Reflexive Sozialpsychologie ;
|v 5.
|0 http://id.loc.gov/authorities/names/no2009058281
|
| 856 |
4 |
0 |
|u http://proxy.library.tamu.edu/login?url=https://www.jstor.org/stable/10.2307/j.ctv1fxdpq
|z Connect to the full text of this electronic book
|t 0
|
| 999 |
f |
f |
|s 40d90a83-cad5-390f-9919-8ce06e40b6b7
|i 8b425b32-3c2d-3179-8bcc-aaee6a60a318
|t 0
|
| 952 |
f |
f |
|a Texas A&M University
|b College Station
|c Electronic Resources
|s www_evans
|d Available Online
|t 0
|e DS145
|h Library of Congress classification
|
| 998 |
f |
f |
|a DS145
|t 0
|l Available Online
|